Vista normal
Vista MARC
Entrada Personal Name
Número de registros utilizados en: 9
001 - CONTROL NUMBER
- control field: 6292
003 - CONTROL NUMBER IDENTIFIER
- control field: DLC
005 - DATE AND TIME OF LATEST TRANSACTION
- control field: 20230317122253.0
008 - FIXED-LENGTH DATA ELEMENTS
- fixed length control field: 800321n| azannaabn |a aaa
010 ## - LIBRARY OF CONGRESS CONTROL NUMBER
- LC control number: 50005444
- Canceled/invalid LC control number: 2010144486
- Canceled/invalid LC control number: 2015062848
035 ## - SYSTEM CONTROL NUMBER
- System control number: (OCoLC)oca00041007
040 ## - CATALOGING SOURCE
- Original cataloging agency: DLC
- Language of cataloging: spa
- Description conventions: rda
- Transcribing agency: Mx-PuUPA
- Modifying agency: InU
- Modifying agency: DLC
- Modifying agency: MX-MrUMS
- Modifying agency: ViU
- Modifying agency: MvI
- Modifying agency: OkU
- Modifying agency: Mx-PuUPA
046 ## - SPECIAL CODED DATES
- Birth date: 19251119
- Death date: 20170109
100 1# - HEADING--PERSONAL NAME
- Personal name: Bauman, Zygmunt,
- Dates associated with a name: 1925-2017
370 ## - ASSOCIATED PLACE
- Place of birth: Poznaân (Poland)
- Associated country: Israel
- Associated country: Estados Unidos
- Associated country: Canada
- Source of term: naf
372 ## - FIELD OF ACTIVITY
- Field of activity: Sociología
- Source of term: lcsh
373 ## - ASSOCIATED GROUP
- Associated group: Universidad de Leeds
- Associated group: Universidad de Varsovia
- Source of term: naf
374 ## - OCCUPATION
- Occupation: Profesor universitario
- Occupation: Autor
- Source of term: lcsh
375 ## - GENDER
- Gender: hombre
- Start period: 1925
- End period: 2017
377 ## - ASSOCIATED LANGUAGE
- Language code: spa
400 1# - SEE FROM TRACING--PERSONAL NAME
- Personal name: Bauman, Zigmunt,
- Dates associated with a name: 1925-2017
670 ## - SOURCE DATA FOUND
- Source citation: Zagadnienia centralizmu demokratycznego w pracach Lenina, 1957
670 ## - SOURCE DATA FOUND
- Source citation: Memories of class, 1982:
- Information found: CIP t.p. (Zygmunt Bauman) CIP data sheet (b. Nov. 19, 1925)
670 ## - SOURCE DATA FOUND
- Source citation: Globalizaëtìsiëiìa, 2004:
- Information found: t.p. (Zigmunt Bauman)
670 ## - SOURCE DATA FOUND
- Source citation: El arte de la vida: de la vida como obra de arte, 2009:
- Information found: t.p. (Zygmunt Bauman)
670 ## - SOURCE DATA FOUND
- Source citation: Amor liquido, 2005:
- Information found: title page (Zygmunt Bauman) page 2 of cover (Zygmunt Bauman [Poznan, Polonia, 1925] es profesor amérito en la Universidad de Leeds y en la de Varsovia. Ha enseñado sociología en Israel, Estados Unidos, Canada y otros países)
670 ## - SOURCE DATA FOUND
- Source citation: In praise of literature, 2015:
- Information found: CIP t.p. (Zygmunt Bauman) data view ("Zygmunt Bauman is Professor Emeritus of Sociology at the University of Leeds")
670 ## - SOURCE DATA FOUND
- Source citation: "Zygmunt Bauman obituary." The Guardian, 15 January 2017 https://www.theguardian.com/education/2017/jan/15/zygmunt-bauman-obituary:
- Information found: (date of death)
670 ## - SOURCE DATA FOUND
- Source citation: Biblioteca del congreso (Estados Unidos), 30 noviembre 2017:
- Information found: catálogo electrónico
- Uniform Resource Identifier: https://goo.gl/UPELC6